000 00490nam a2200157Ia 4500
008 170221s9999 xx 000 0 und d
100 _aPeiyan Yuan
245 _aModeling Opportunistic Social Networks with Decayed Aggregation Graph
245 _cPeiyan Yuan and Yali Wang
260 _bJournal of Communications
260 _c2012
300 _aX : 1
650 _xCommunication
650 _xMedia Arts
856 _uhttp://www.jocm.us/index.php?m=content&c=index&a=lists&catid=144
999 _c308963
_d308963